000 02066cam a22002414a 4500
005 20250605164227.0
008 250528s ||||||||||||||||||||||||d
035 _a20880
020 _a9789602187548
040 _aGR-AtMCL
_bgre
_dGR-AtMCL
_eAACR2
245 1 _aΔιοίκηση Επιχειρήσεων / Αρχές και Εφαρμογές
250 _a
260 _bΚριτική,
_c2012
300 _a784
520 _aΤο παρόν βιβλίο αντικατροπτίζει όλες τις νέες τάσεις στη διοίκηση των σύγχρονων οικονομικών μονάδων. Πρόλογος, Εισαγώγη, Οι Μάνατζερ και το Μάνατζμεντ, Μια Σύντομη Ιστορική Ανασκόπηση της Καταγωγής του Μάνατζμεντ, Το Περιβάλλον του Μάνατζμεντ, Σχεδιασμός, Τα Θέμέλια της Λήψης Αποφάσεων, Τα Θεμέλια του Σχεδιασμού, Διοίκηση Επιχερηματικών Εγχειρημάτων, Οργάνωση, Οργανωσιακή Δομή και Κουλτούρα, Διοίκηση Ανθρώπινων Πόρων, Οικοδομώντας τη Καριέρα σας, Διαχείριση της Αλλαγής και Καινοτομία, Ηγεσία, Τα Θεμέλια της Ατομικής Συμπεριφοράς, Κατανόηση των Ομάδων και Διοίκηση των Ομάδων Εργασίας, Παρακίνηση και Επιβράβευση Εργαζομένων, Ηγεσία και Εμπιστοσύνη, Επικοινωνία και Διαπροσωπικές Δεξιότητες, Άσκηση Ελέγχου, Τα Θεμέλια του Ελέγχου, Διοίκηση Λειτουργιών, Γλωσσάρι.
700 1 _aCoulter Mary
_93502
700 1 _aDecenzo David A
_96861
700 1 _aRobbins Stephen P
_91079
700 1 _aΚέφης Βασίλης
_96862
942 _cBK
999 _c5961
_d5961